Most Expensive Irish Footballers Signed - Statistics

General Stats
  • This quiz has been taken 102 times
    26 since last reset
  • The average score is 14 of 21
Answer Stats
N When From To How Much Answer % Correct
4 2008 Tottenham Hotspurs Liverpool €24m Robbie Keane
100%
5 2000 Coventry Inter Milan €19.5m Robbie Keane
100%
6 2002 Inter Milan Leeds United €18m Robbie Keane
100%
16 2002 Leeds United Tottenham Hotspurs €10.5m Robbie Keane
100%
19 1999 Wolverhampton Wanderers Coventry City €9m Robbie Keane
100%
2 2003 Blackburn Rovers Chelsea €24.5m Damien Duff
82%
9 2006 Chelsea Newcastle United €15.5m Damien Duff
82%
1 2023 Wolverhampton Wanderers Brentford €26.85m Nathan Collins
77%
3 2022 Burnley Wolverhampton Wanderers €24.3m Nathan Collins
77%
7 2020 Wolverhampton Wanderers Tottenham Hotspurs €16.8m Matt Doherty
64%
12 2014 Hull City Southampton €14.9m Shane Long
64%
20 2014 West Bromwich Albion Hull City €8.5m Shane Long
64%
8 2024 Lyon Everton €16.4m Jake O'Brien
59%
13 2022 Manchester City Southampton €14m Gavin Bazunu
55%
10 2013 Wigan Athletic Everton €15.3m James McCarthy
41%
18 2010 Manchester City Aston Villa €9.7m Stephen Ireland
41%
11 2017 Norwich City Burnley €15.1m Robbie Brady
36%
17 2015 Hull City Norwich City €9.9m Robbie Brady
36%
15 2024 Blackburn Rovers Ipswich Town €10.6m Sammie Szmodics
36%
17 2024 Norwich City Celtic €9.9m Adam Idah
32%
14 2016 Derby County Burnley €11.8m Jeff Hendrick
32%
No matching quizzes found
Score Distribution
Percent of People with Each Score
Percentile by Number Answered
Your Score History
You have not taken this quiz since the last reset